[Event "Gibbons Section ABCD"]
[Site "Winnipeg CAN"]
[Date "2007.10.14"]
[Round "5"]
[White "Hanrahan, Nigel"]
[Black "Greenberg, Harley"]
[Result "0-1"]
[WhiteElo "1663"]
[BlackElo "1823"]
[PlyCount "58"]
[GameId "2160767910578883"]
[EventDate "2007.10.12"]
[EventType "swiss"]
[EventRounds "5"]
[EventCountry "CAN"]
[SourceTitle "EXT 2022"]
[Source "ChessBase"]
[SourceDate "2021.10.06"]
[SourceVersion "1"]
[SourceVersionDate "2021.10.06"]
[SourceQuality "1"]

1. c4 Nf6 2. g3 e6 3. Bg2 d5 4. cxd5 exd5 5. d4 c6 6. Nf3 Bf5 7. O-O Bd6 8. Nc3 h6 9. Re1 O-O 10. Nd2 Re8 11. h3 Nbd7 12. e3 Ne4 13. Ndxe4 dxe4 14. a3 Nf6 15. b4 Qd7 16. Kh2 h5 17. Ne2 g5 18. Rh1 h4 19. Kg1 hxg3 20. fxg3 Nd5 21. Qf1 a5 22. Bd2 axb4 23. axb4 Rxa1 24. Qxa1 Bxb4 25. Qb2 Bxd2 26. Qxd2 Ra8 27. Nc3 Ra1+ 28. Kf2 Ra3 29. Nxd5 Qxd5 0-1

[Event "Gibbons Section ABCD"]
[Site "Winnipeg CAN"]
[Date "2007.10.14"]
[Round "5"]
[White "Kaptsan, Aron"]
[Black "Cleto, Sam"]
[Result "1/2-1/2"]
[WhiteElo "2026"]
[BlackElo "1859"]
[PlyCount "91"]
[GameId "2160767910578884"]
[EventDate "2007.10.12"]
[EventType "swiss"]
[EventRounds "5"]
[EventCountry "CAN"]
[SourceTitle "EXT 2022"]
[Source "ChessBase"]
[SourceDate "2021.10.06"]
[SourceVersion "1"]
[SourceVersionDate "2021.10.06"]
[SourceQuality "1"]

1. e4 c6 2. d4 Nf6 3. e5 Nd5 4. c4 Nb6 5. Nc3 d6 6. f4 Bf5 7. Bd3 g6 8. Nf3 Bg7 9. O-O O-O 10. Be3 N8d7 11. b3 Bxd3 12. Qxd3 dxe5 13. dxe5 Nxe5 14. Nxe5 Qxd3 15. Nxd3 Bxc3 16. Rac1 Bg7 17. Bc5 Rfd8 18. Ne5 Bxe5 19. fxe5 Rd7 20. Rf3 Rad8 21. Rcf1 e6 22. Bd6 Nc8 23. c5 a5 24. a3 Na7 25. b4 axb4 26. axb4 Nb5 27. Ra1 Nd4 28. Rf2 Rc8 29. g4 h6 30. Kg2 Kg7 31. h4 Nb5 32. Kg3 Nc3 33. Rf3 Nd5 34. Rb3 g5 35. h5 Nf4 36. Ra7 Ne2+ 37. Kh2 Nd4 38. Rb2 Nb5 39. Ra1 Rdd8 40. Rba2 Nc3 41. Ra7 Rd7 42. Rc1 Nd5 43. Rb1 Nc3 44. Rc1 Nb5 45. Ra4 Rdd8 46. Rca1 1/2-1/2

[Event "Gibbons Section ABCD"]
[Site "Winnipeg CAN"]
[Date "2007.10.14"]
[Round "5"]
[White "Khedkar, Jay S"]
[Black "Melamedoff, Gustavo"]
[Result "0-1"]
[WhiteElo "1970"]
[BlackElo "2048"]
[PlyCount "56"]
[GameId "2160767910578885"]
[EventDate "2007.10.12"]
[EventType "swiss"]
[EventRounds "5"]
[EventCountry "CAN"]
[SourceTitle "EXT 2022"]
[Source "ChessBase"]
[SourceDate "2021.10.06"]
[SourceVersion "1"]
[SourceVersionDate "2021.10.06"]
[SourceQuality "1"]

1. d4 Nf6 2. c4 g6 3. Nc3 d5 4. cxd5 Nxd5 5. g3 Bg7 6. Bg2 Nxc3 7. bxc3 O-O 8. e4 c5 9. Be3 Nc6 10. Ne2 cxd4 11. cxd4 Qa5+ 12. Qd2 Qxd2+ 13. Kxd2 Rd8 14. Kc3 Bg4 15. f3 Rac8 16. Kb3 Nxd4+ 17. Nxd4 Bxd4 18. Bxd4 Be6+ 19. Kb2 Rxd4 20. Rhd1 Rb4+ 21. Ka3 Rbc4 22. Rd2 Rc2 23. Rad1 Bxa2 24. Rxc2 Rxc2 25. Bf1 Be6 26. Rb1 Ra2+ 27. Kb4 Rxh2 28. Kc5 Rh1 0-1

[Event "Gibbons Section ABCD"]
[Site "Winnipeg CAN"]
[Date "2007.10.14"]
[Round "5"]
[White "Magnusson, Saul"]
[Black "Green, Leah"]
[Result "1-0"]
[WhiteElo "1242"]
[BlackElo "1198"]
[PlyCount "55"]
[GameId "2160767910578886"]
[EventDate "2007.10.12"]
[EventType "swiss"]
[EventRounds "5"]
[EventCountry "CAN"]
[SourceTitle "EXT 2022"]
[Source "ChessBase"]
[SourceDate "2021.10.06"]
[SourceVersion "1"]
[SourceVersionDate "2021.10.06"]
[SourceQuality "1"]

1. e4 e5 2. Nf3 Nc6 3. Bb5 d6 4. d4 Nf6 5. Nc3 Bd7 6. O-O Be7 7. h3 O-O 8. d5 Nb4 9. Bxd7 Qxd7 10. a3 Na6 11. Qd3 Nc5 12. Qe3 Na4 13. Ne2 h6 14. Ng3 Nc5 15. b4 Na6 16. Qe2 Qa4 17. Rb1 c6 18. c4 cxd5 19. cxd5 Nc7 20. Nh4 Nd7 21. Nhf5 Rfe8 22. Bxh6 gxh6 23. Nxh6+ Kf8 24. Qh5 Kg7 25. Ngf5+ Kf6 26. Qxf7+ Kg5 27. Qg7+ Kf4 28. Qg4# 1-0

[Event "Gibbons Section ABCD"]
[Site "Winnipeg CAN"]
[Date "2007.10.14"]
[Round "5"]
[White "Pang, Michael"]
[Black "Campbell, Jamie"]
[Result "1/2-1/2"]
[WhiteElo "1378"]
[BlackElo "1561"]
[PlyCount "64"]
[GameId "2160767910578887"]
[EventDate "2007.10.12"]
[EventType "swiss"]
[EventRounds "5"]
[EventCountry "CAN"]
[SourceTitle "EXT 2022"]
[Source "ChessBase"]
[SourceDate "2021.10.06"]
[SourceVersion "1"]
[SourceVersionDate "2021.10.06"]
[SourceQuality "1"]

1. e4 d6 2. Nf3 Nf6 3. Nc3 g6 4. d4 Bg7 5. Bc4 O-O 6. O-O Nxe4 7. Nxe4 d5 8. Bxd5 Qxd5 9. Nc3 Qd8 10. h3 b6 11. Be3 Bb7 12. Re1 Nd7 13. Nb1 e5 14. c3 e4 15. Nh2 f5 16. f3 f4 17. Qb3+ Kh8 18. Bc1 e3 19. Na3 Qh4 20. Nc2 Nf6 21. Re2 Nh5 22. Ng4 Bxf3 23. gxf3 Qg3+ 24. Rg2 Qxf3 25. Ne1 Qxh3 26. Nh2 f3 27. Nhxf3 Nf4 28. Rh2 Qg3+ 29. Kh1 Nh3 30. Rg2 Nf2+ 31. Kg1 Nh3+ 32. Kh1 Nf2+ 1/2-1/2

[Event "Gibbons Section ABCD"]
[Site "Winnipeg CAN"]
[Date "2007.10.14"]
[Round "5"]
[White "Swift, Ryne"]
[Black "Gibbons, Lorne"]
[Result "1-0"]
[WhiteElo "1196"]
[BlackElo "1332"]
[PlyCount "31"]
[GameId "2160767910578888"]
[EventDate "2007.10.12"]
[EventType "swiss"]
[EventRounds "5"]
[EventCountry "CAN"]
[SourceTitle "EXT 2022"]
[Source "ChessBase"]
[SourceDate "2021.10.06"]
[SourceVersion "1"]
[SourceVersionDate "2021.10.06"]
[SourceQuality "1"]

1. e4 e5 2. Nf3 Nf6 3. d3 Nc6 4. a3 Bc5 5. Be2 O-O 6. Bg5 h6 7. Bh4 d6 8. Nc3 a6 9. Nd5 g5 10. Nxf6+ Qxf6 11. Bg3 Bg4 12. O-O Rae8 13. Qd2 Qh8 14. h3 Bh5 15. Rae1 Bg6 16. Nh2 1-0

[Event "Grand Prix Finals ABCD"]
[Site "Winnipeg CAN"]
[Date "2007.11.06"]
[Round "1"]
[White "Gibbons, Lorne"]
[Black "Magnusson, Saul"]
[Result "1-0"]
[WhiteElo "1307"]
[BlackElo "1420"]
[PlyCount "75"]
[GameId "2160767910566156"]
[EventDate "2007.11.06"]
[EventType "swiss"]
[EventRounds "6"]
[EventCountry "CAN"]
[SourceTitle "EXT 2022"]
[Source "ChessBase"]
[SourceDate "2021.10.06"]
[SourceVersion "1"]
[SourceVersionDate "2021.10.06"]
[SourceQuality "1"]

1. d4 Nf6 2. c4 e6 3. Nf3 d5 4. a3 c6 5. c5 Nbd7 6. b4 e5 7. dxe5 Ng4 8. Bb2 Qe7 9. Qd4 Nh6 10. Nbd2 b6 11. cxb6 Nxb6 12. e3 Na4 13. b5 Nxb2 14. Qxb2 c5 15. a4 Be6 16. Be2 g6 17. h3 Bg7 18. e4 d4 19. Bc4 O-O 20. O-O Rfe8 21. Rac1 Rac8 22. Rc2 Bxc4 23. Nxc4 Rc7 24. Qa3 Bf8 25. Rfc1 f6 26. b6 axb6 27. Nxb6 Rc6 28. Nd5 Qe6 29. Nxf6+ Kh8 30. Nxe8 Qxe8 31. Rc4 Nf7 32. a5 Qe6 33. Nxd4 cxd4 34. Rxc6 Bxa3 35. Rxe6 Bxc1 36. a6 d3 37. Kf1 Kg7 38. a7 1-0

[Event "Grand Prix Finals ABCD"]
[Site "Winnipeg CAN"]
[Date "2007.11.06"]
[Round "1"]
[White "Gibson, Fred"]
[Black "Green, Aaron"]
[Result "0-1"]
[WhiteElo "1352"]
[BlackElo "1567"]
[PlyCount "88"]
[GameId "2160767910566157"]
[EventDate "2007.11.06"]
[EventType "swiss"]
[EventRounds "6"]
[EventCountry "CAN"]
[SourceTitle "EXT 2022"]
[Source "ChessBase"]
[SourceDate "2021.10.06"]
[SourceVersion "1"]
[SourceVersionDate "2021.10.06"]
[SourceQuality "1"]

1. e4 c5 2. Nc3 Nc6 3. g3 g6 4. Bg2 Bg7 5. d3 d6 6. Be3 Nf6 7. h3 Qb6 8. Rb1 O-O 9. Qd2 Bd7 10. f4 e5 11. Nge2 Nd4 12. O-O Qc7 13. f5 Qc8 14. Rbc1 h5 15. Bh6 b5 16. Bxg7 Kxg7 17. Rf2 b4 18. Nd5 Nxd5 19. exd5 Bxf5 20. Nxd4 exd4 21. Qf4 Qd7 22. Re1 Rfe8 23. Ree2 Rxe2 24. Rxe2 f6 25. h4 Rd8 26. Kh2 Bg4 27. Re1 Rf8 28. Re4 Rf7 29. Bf3 Bxf3 30. Qxf3 Re7 31. Rxe7+ Qxe7 32. Qe4 Qxe4 33. dxe4 c4 34. Kg2 f5 35. Kf3 Kf6 36. Kf4 a5 37. exf5 gxf5 38. c3 bxc3 39. bxc3 dxc3 40. Ke3 Ke5 41. a4 Kxd5 42. Ke2 Ke4 43. Kd1 d5 44. Kc2 d4 0-1

[Event "Grand Prix Finals ABCD"]
[Site "Winnipeg CAN"]
[Date "2007.11.06"]
[Round "1"]
[White "Lauritson, Jim"]
[Black "Van Wyk, Joseph"]
[Result "0-1"]
[WhiteElo "1947"]
[BlackElo "2006"]
[PlyCount "68"]
[GameId "2160767910566158"]
[EventDate "2007.11.06"]
[EventType "swiss"]
[EventRounds "6"]
[EventCountry "CAN"]
[SourceTitle "EXT 2022"]
[Source "ChessBase"]
[SourceDate "2021.10.06"]
[SourceVersion "1"]
[SourceVersionDate "2021.10.06"]
[SourceQuality "1"]

1. d4 d5 2. c4 e6 3. Nc3 c5 4. cxd5 cxd4 5. Qa4+ Bd7 6. Qxd4 exd5 7. Qxd5 Nc6 8. Nf3 Nf6 9. Qd1 Bc5 10. e3 Qe7 11. Be2 g5 12. O-O g4 13. Nd4 O-O-O 14. b4 Bxb4 15. Bb2 h5 16. Rc1 Kb8 17. Ncb5 g3 18. hxg3 h4 19. g4 h3 20. g3 h2+ 21. Kh1 Ne5 22. Qa4 a6 23. Rc7 Bd6 24. Qa5 axb5 25. Nxb5 Bc6+ 26. f3 Bxc7 27. Nxc7 Nexg4 28. Nb5 Nh5 29. Qa7+ Kc8 30. Qa8+ Kd7 31. Rd1+ Ke8 32. Rxd8+ Qxd8 33. Nd6+ Kd7 34. Qxd8+ Rxd8 0-1

[Event "Grand Prix Finals ABCD"]
[Site "Winnipeg CAN"]
[Date "2007.11.06"]
[Round "1"]
[White "Lipnowski, Samuel"]
[Black "Boron, Anthony"]
[Result "1/2-1/2"]
[WhiteElo "2292"]
[BlackElo "2028"]
[PlyCount "106"]
[GameId "2160767910566159"]
[EventDate "2007.11.06"]
[EventType "swiss"]
[EventRounds "6"]
[EventCountry "CAN"]
[SourceTitle "EXT 2022"]
[Source "ChessBase"]
[SourceDate "2021.10.06"]
[SourceVersion "1"]
[SourceVersionDate "2021.10.06"]
[SourceQuality "1"]

1. e4 c5 2. Nf3 a6 3. c3 d5 4. exd5 Qxd5 5. d4 Nf6 6. Be2 cxd4 7. cxd4 e6 8. O-O Nc6 9. Nc3 Qd8 10. Bg5 Be7 11. a3 Nd5 12. Bd2 O-O 13. Ne4 Nf6 14. Nxf6+ Bxf6 15. Bc3 b5 16. Qd2 Bb7 17. Rad1 Re8 18. Qf4 Ne7 19. Qg4 Bxf3 20. Bxf3 Nd5 21. Bd2 Rc8 22. Bc1 Qd7 23. Be4 Red8 24. Bb1 Rc4 25. Ba2 Rc6 26. Qe4 g6 27. g3 Rd6 28. Bd2 Ne7 29. Ba5 Rc8 30. Bb4 Rdc6 31. Bb3 Nd5 32. Bd2 Bg7 33. Ba5 Rd6 34. Rd3 Nf6 35. Qe3 Ng4 36. Qe2 Nf6 37. Rfd1 Nd5 38. h4 h5 39. Qf3 Rcc6 40. Bd2 Qd8 41. Kg2 Qf6 42. Qe2 Qd8 43. Qe1 Bf6 44. Ba5 Qd7 45. Qe4 Bg7 46. f3 Nf6 47. Qe2 Nd5 48. Bd2 Bf6 49. a4 Rc8 50. axb5 Qxb5 51. Kf1 Rb8 52. Bxd5 Rxd5 53. Bc3 Rbd8 1/2-1/2

[Event "Grand Prix Finals ABCD"]
[Site "Winnipeg CAN"]
[Date "2007.11.06"]
[Round "1"]
[White "Liu, Weixi"]
[Black "Gannon, Keith"]
[Result "1-0"]
[WhiteElo "1920"]
[BlackElo "1667"]
[PlyCount "69"]
[GameId "2160767910566160"]
[EventDate "2007.11.06"]
[EventType "swiss"]
[EventRounds "6"]
[EventCountry "CAN"]
[SourceTitle "EXT 2022"]
[Source "ChessBase"]
[SourceDate "2021.10.06"]
[SourceVersion "1"]
[SourceVersionDate "2021.10.06"]
[SourceQuality "1"]

1. d4 d5 2. c4 e6 3. Nf3 Nf6 4. Bg5 Be7 5. e3 O-O 6. Nc3 Nbd7 7. cxd5 Nxd5 8. Bxe7 Qxe7 9. Nxd5 exd5 10. Bd3 Qb4+ 11. Qd2 Qxd2+ 12. Nxd2 Nf6 13. O-O Bd7 14. Rfc1 c6 15. Rab1 Rfe8 16. b4 a6 17. a4 Rec8 18. h3 h6 19. Nb3 b6 20. a5 bxa5 21. bxa5 Rcb8 22. Nc5 Rxb1 23. Rxb1 Bc8 24. Rb6 Nd7 25. Nxd7 Bxd7 26. Rxa6 Rb8 27. Ra7 Be6 28. a6 g6 29. Rb7 Rc8 30. a7 c5 31. Rb8 cxd4 32. Rxc8+ Bxc8 33. a8=Q dxe3 34. Qxc8+ Kg7 35. fxe3 1-0

[Event "Grand Prix Finals ABCD"]
[Site "Winnipeg CAN"]
[Date "2007.11.06"]
[Round "1"]
[White "Silva, T Romero"]
[Black "Pottinger, Carl"]
[Result "1-0"]
[WhiteElo "1775"]
[BlackElo "1886"]
[PlyCount "83"]
[GameId "2160767910566161"]
[EventDate "2007.11.06"]
[EventType "swiss"]
[EventRounds "6"]
[EventCountry "CAN"]
[SourceTitle "EXT 2022"]
[Source "ChessBase"]
[SourceDate "2021.10.06"]
[SourceVersion "1"]
[SourceVersionDate "2021.10.06"]
[SourceQuality "1"]

1. d4 Nf6 2. c4 e6 3. a3 d5 4. e3 c6 5. Nf3 Bd6 6. Bd3 O-O 7. O-O Nbd7 8. c5 Bc7 9. b4 e5 10. dxe5 Nxe5 11. Bb2 Bg4 12. Be2 Bxf3 13. Bxf3 Nxf3+ 14. Qxf3 Nd7 15. Nd2 Be5 16. Bxe5 Nxe5 17. Qf5 Qe7 18. Nb3 Qc7 19. Qh3 f5 20. Rad1 Rae8 21. Rd4 Ng4 22. Qg3 Qe5 23. Qxe5 Rxe5 24. h3 Nf6 25. Ra1 Ne4 26. Na5 Rf7 27. Rc1 Ng5 28. Rc3 Ne6 29. Rd2 f4 30. exf4 Nxf4 31. Kf1 Rfe7 32. Rc1 Kf7 33. h4 Ke8 34. g3 Nh5 35. Rdd1 Kd8 36. Re1 Kc7 37. Rxe5 Rxe5 38. Re1 Rxe1+ 39. Kxe1 b6 40. Nb3 Nf6 41. f3 Nd7 42. cxb6+ 1-0

[Event "Grand Prix Finals ABCD"]
[Site "Winnipeg CAN"]
[Date "2007.11.06"]
[Round "1"]
[White "Wiebe, Daniel"]
[Black "Booth, Kevin"]
[Result "1-0"]
[WhiteElo "1713"]
[BlackElo "1806"]
[PlyCount "65"]
[GameId "2160767910566162"]
[EventDate "2007.11.06"]
[EventType "swiss"]
[EventRounds "6"]
[EventCountry "CAN"]
[SourceTitle "EXT 2022"]
[Source "ChessBase"]
[SourceDate "2021.10.06"]
[SourceVersion "1"]
[SourceVersionDate "2021.10.06"]
[SourceQuality "1"]

1. e4 d6 2. d4 Nf6 3. Nc3 g6 4. f4 Bg7 5. Nf3 O-O 6. Bd3 c6 7. Qe2 Nbd7 8. e5 dxe5 9. dxe5 Nd5 10. Nxd5 cxd5 11. e6 Nc5 12. exf7+ Rxf7 13. O-O Nxd3 14. Qxd3 Bf5 15. Qb3 Rc8 16. c3 Rc7 17. Be3 b6 18. Rad1 e6 19. h3 h6 20. Bd4 Bxd4+ 21. Nxd4 Qd7 22. Nf3 Qd6 23. Ne5 Rg7 24. Qa4 g5 25. Kh1 Be4 26. Qxe4 gxf4 27. Qxf4 Rg5 28. Ng4 Qxf4 29. Rxf4 h5 30. Nf6+ Kh8 31. h4 Re5 32. Rdf1 Re2 33. R1f2 1-0

[Event "Grand Prix Finals ABCD"]
[Site "Winnipeg CAN"]
[Date "2007.11.13"]
[Round "2"]
[White "Gibbons, Lorne"]
[Black "Gibson, Fred"]
[Result "0-1"]
[WhiteElo "1307"]
[BlackElo "1352"]
[PlyCount "56"]
[GameId "2160767910566163"]
[EventDate "2007.11.06"]
[EventType "swiss"]
[EventRounds "6"]
[EventCountry "CAN"]
[SourceTitle "EXT 2022"]
[Source "ChessBase"]
[SourceDate "2021.10.06"]
[SourceVersion "1"]
[SourceVersionDate "2021.10.06"]
[SourceQuality "1"]

1. d4 Nf6 2. c4 g6 3. b4 Bg7 4. Bb2 O-O 5. Nd2 Nc6 6. a3 d5 7. c5 b6 8. Rc1 Bb7 9. Ngf3 bxc5 10. dxc5 d4 11. b5 Na5 12. c6 Bc8 13. Qa4 Nb7 14. cxb7 Bxb7 15. Bxd4 a6 16. Qc4 Bd5 17. Qxc7 Qxc7 18. Rxc7 Rac8 19. b6 Nd7 20. Bxg7 Kxg7 21. e4 Rxc7 22. bxc7 Bb7 23. Bc4 Rc8 24. Ng5 Ne5 25. Ke2 Rxc7 26. f3 Nxc4 27. Rc1 a5 28. Kd3 Nb2+ 0-1

[Event "Grand Prix Finals ABCD"]
[Site "Winnipeg CAN"]
[Date "2007.11.13"]
[Round "2"]
[White "Khedkar, Jay S"]
[Black "Lipnowski, Samuel"]
[Result "0-1"]
[WhiteElo "1930"]
[BlackElo "2292"]
[PlyCount "69"]
[GameId "2160767910566164"]
[EventDate "2007.11.06"]
[EventType "swiss"]
[EventRounds "6"]
[EventCountry "CAN"]
[SourceTitle "EXT 2022"]
[Source "ChessBase"]
[SourceDate "2021.10.06"]
[SourceVersion "1"]
[SourceVersionDate "2021.10.06"]
[SourceQuality "1"]

1. e4 c5 2. Nf3 d6 3. d4 cxd4 4. Nxd4 Nf6 5. Nc3 a6 6. Be2 e6 7. O-O Be7 8. a4 Nc6 9. Be3 O-O 10. f4 Qc7 11. Kh1 Re8 12. Bf3 Rb8 13. g4 Nd7 14. g5 Nxd4 15. Bxd4 b6 16. Be3 Bb7 17. Bg2 Bf8 18. Qd2 Bc6 19. Rad1 b5 20. axb5 axb5 21. f5 b4 22. fxe6 fxe6 23. Ne2 Ne5 24. b3 Bb5 25. Rf4 Ng6 26. Rf2 Bc6 27. Rdf1 Nh4 28. Ng3 Nxg2 29. Kxg2 e5 30. Kg1 g6 31. Rf6 Rbd8 32. Qd3 Ba8 33. h4 h5 34. Rxg6+ Kh8 35. Rff6 0-1

[Event "Grand Prix Finals ABCD"]
[Site "Winnipeg CAN"]
[Date "2007.11.13"]
[Round "2"]
[White "Magnusson, Saul"]
[Black "Green, Aaron"]
[Result "0-1"]
[WhiteElo "1420"]
[BlackElo "1567"]
[PlyCount "113"]
[GameId "2160767910566165"]
[EventDate "2007.11.06"]
[EventType "swiss"]
[EventRounds "6"]
[EventCountry "CAN"]
[SourceTitle "EXT 2022"]
[Source "ChessBase"]
[SourceDate "2021.10.06"]
[SourceVersion "1"]
[SourceVersionDate "2021.10.06"]
[SourceQuality "1"]

1. e4 c5 2. Nf3 d6 3. d4 cxd4 4. Nxd4 Nf6 5. Nc3 g6 6. Nd5 Nxd5 7. exd5 Qa5+ 8. c3 Qxd5 9. Bb5+ Bd7 10. Bxd7+ Nxd7 11. O-O Bg7 12. Re1 Bxd4 13. cxd4 e6 14. Bh6 Qh5 15. Qd2 Rc8 16. d5 e5 17. Rac1 Ke7 18. Be3 b6 19. f4 f6 20. fxe5 Nxe5 21. Rc3 Qg4 22. Rf1 Rxc3 23. Qxc3 Rc8 24. Qa3 a5 25. Qb3 Qb4 26. Qxb4 axb4 27. Bxb6 Rc2 28. Bd4 Rd2 29. Bxe5 dxe5 30. a4 bxa3 31. bxa3 Rxd5 32. Rb1 h5 33. Kf2 Ra5 34. Rb3 Ra4 35. Ke3 f5 36. Kd2 h4 37. Ke2 g5 38. Rb5 Kd6 39. Rb3 g4 40. g3 hxg3 41. hxg3 Kc5 42. Rc3+ Rc4 43. Re3 e4 44. Kd2 Rd4+ 45. Kc2 Kc4 46. Rc3+ Kd5 47. Rc8 Rc4+ 48. Rxc4 Kxc4 49. a4 Kb4 50. a5 Kxa5 51. Kd2 Kb5 52. Ke3 Kc4 53. Kd2 Kd4 54. Ke2 e3 55. Kf1 Kd3 56. Kg2 Ke2 57. Kg1 0-1

[Event "Grand Prix Finals ABCD"]
[Site "Winnipeg CAN"]
[Date "2007.11.13"]
[Round "2"]
[White "Pottinger, Carl"]
[Black "Van Wyk, Joseph"]
[Result "1/2-1/2"]
[WhiteElo "1886"]
[BlackElo "2006"]
[PlyCount "102"]
[GameId "2160767910566166"]
[EventDate "2007.11.06"]
[EventType "swiss"]
[EventRounds "6"]
[EventCountry "CAN"]
[SourceTitle "EXT 2022"]
[Source "ChessBase"]
[SourceDate "2021.10.06"]
[SourceVersion "1"]
[SourceVersionDate "2021.10.06"]
[SourceQuality "1"]

1. c4 c5 2. g3 Nc6 3. Bg2 e6 4. Nf3 d5 5. cxd5 exd5 6. d4 Nf6 7. O-O Be6 8. Nc3 Qd7 9. dxc5 Bxc5 10. Bg5 Be7 11. Nb5 h6 12. Bf4 O-O 13. Nc7 Rac8 14. Nxe6 fxe6 15. Bh3 Bd6 16. Be3 Rce8 17. Rc1 Qf7 18. Nd4 Nxd4 19. Bxd4 Qh5 20. Bg2 b6 21. Bxf6 Rxf6 22. e4 Qxd1 23. Rcxd1 Be5 24. exd5 Bxb2 25. dxe6 Kf8 26. Bd5 Ba3 27. f4 g6 28. Bb3 Re7 29. Rd8+ Re8 30. Rfd1 g5 31. Rxe8+ Kxe8 32. Rf1 gxf4 33. Rxf4 Rxf4 34. gxf4 Bd6 35. f5 Ke7 36. Kg2 Kf6 37. Bc2 Ke7 38. h4 Kf6 39. Kf3 Kg7 40. Ke4 Kf6 41. Ba4 Bc5 42. Be8 Ke7 43. Bg6 Kf6 44. Kd5 Ke7 45. Kc6 a5 46. a4 Bd4 47. Bf7 Bc5 48. Kd5 Kf6 49. Ke4 Ke7 50. Kf3 Kf6 51. Kg4 b5 1/2-1/2

[Event "Grand Prix Finals ABCD"]
[Site "Winnipeg CAN"]
[Date "2007.11.13"]
[Round "2"]
[White "Silva, T Romero"]
[Black "Lauritson, Jim"]
[Result "0-1"]
[WhiteElo "1775"]
[BlackElo "1947"]
[PlyCount "81"]
[GameId "2160767910566167"]
[EventDate "2007.11.06"]
[EventType "swiss"]
[EventRounds "6"]
[EventCountry "CAN"]
[SourceTitle "EXT 2022"]
[Source "ChessBase"]
[SourceDate "2021.10.06"]
[SourceVersion "1"]
[SourceVersionDate "2021.10.06"]
[SourceQuality "1"]

1. d4 Nf6 2. c4 e6 3. a3 d5 4. e3 c6 5. Nf3 Nbd7 6. Be2 dxc4 7. Bxc4 Bd6 8. Nbd2 c5 9. dxc5 Nxc5 10. b4 Nce4 11. Bb2 O-O 12. O-O b6 13. Nxe4 Nxe4 14. Qd4 Nf6 15. Rfd1 Be7 16. Qc3 Qc7 17. Qb3 Bb7 18. Be5 Qc6 19. Bf1 Rac8 20. h3 Rfd8 21. Nd4 Qe4 22. Bg3 Qg6 23. Qa4 a6 24. Bxa6 Ra8 25. Nc6 Re8 26. b5 Bc5 27. Be5 Nd5 28. Qc4 Rxa6 29. Rxd5 exd5 30. Qxd5 Raa8 31. Bf4 Rac8 32. f3 Bxc6 33. bxc6 Qxc6 34. Qb3 Qe6 35. Qxe6 Rxe6 36. Kf2 Bxe3+ 37. Bxe3 Rc2+ 38. Kg3 Rxe3 39. Kf4 Re8 40. g4 Re6 41. Kg3 0-1

[Event "Grand Prix Finals ABCD"]
[Site "Winnipeg CAN"]
[Date "2007.11.20"]
[Round "3"]
[White "Boron, Anthony"]
[Black "Khedkar, Jay S"]
[Result "1-0"]
[WhiteElo "2028"]
[BlackElo "1930"]
[PlyCount "63"]
[GameId "2160767910566169"]
[EventDate "2007.11.06"]
[EventType "swiss"]
[EventRounds "6"]
[EventCountry "CAN"]
[SourceTitle "EXT 2022"]
[Source "ChessBase"]
[SourceDate "2021.10.06"]
[SourceVersion "1"]
[SourceVersionDate "2021.10.06"]
[SourceQuality "1"]

1. Nf3 Nf6 2. b3 g6 3. Bb2 Bg7 4. e3 O-O 5. d4 d6 6. Bd3 Bg4 7. h3 Bxf3 8. Qxf3 Nc6 9. O-O e5 10. d5 Nb4 11. e4 c6 12. dxc6 bxc6 13. Nd2 Nh5 14. a3 Nxd3 15. cxd3 f5 16. Rae1 d5 17. Qd1 Nf4 18. Nf3 Nxd3 19. Qxd3 fxe4 20. Rxe4 dxe4 21. Qxe4 Qd5 22. Qc2 Rad8 23. Re1 Rxf3 24. gxf3 Qxf3 25. Qc4+ Kh8 26. Qe6 Rf8 27. Rf1 Qd5 28. Qe7 Qf7 29. Qc5 Qxb3 30. Bxe5 Bxe5 31. Qxf8+ Qg8 32. Qxg8+ 1-0

[Event "Grand Prix Finals ABCD"]
[Site "Winnipeg CAN"]
[Date "2007.11.20"]
[Round "3"]
[White "Gannon, Keith"]
[Black "Wiebe, Daniel"]
[Result "1/2-1/2"]
[WhiteElo "1667"]
[BlackElo "1713"]
[PlyCount "128"]
[GameId "2160767910566170"]
[EventDate "2007.11.06"]
[EventType "swiss"]
[EventRounds "6"]
[EventCountry "CAN"]
[SourceTitle "EXT 2022"]
[Source "ChessBase"]
[SourceDate "2021.10.06"]
[SourceVersion "1"]
[SourceVersionDate "2021.10.06"]
[SourceQuality "1"]

1. d4 d5 2. e3 Nc6 3. Nf3 Bg4 4. Be2 Nf6 5. h3 Bh5 6. Nbd2 h6 7. c4 e6 8. a3 Bg6 9. O-O Be7 10. c5 O-O 11. Nb3 Ne4 12. Bd3 Bf6 13. Qc2 e5 14. Re1 Qd7 15. Bb5 Ng5 16. Qd1 Nxf3+ 17. Qxf3 e4 18. Qe2 b6 19. cxb6 cxb6 20. Bd2 Qe6 21. Bxc6 Qxc6 22. Rac1 Qb7 23. Bc3 Bf5 24. Nd2 Bd7 25. Nf1 a5 26. b4 Be7 27. Rb1 Rfc8 28. Rec1 axb4 29. axb4 Ra4 30. Qd2 Bb5 31. Qe1 Bd3 32. Ra1 Qa6 33. Rxa4 Qxa4 34. Qd2 Bxb4 35. Bxb4 Rxc1 36. Qxc1 Qxb4 37. Qc8+ Qf8 38. Qc6 Qd8 39. Nd2 Kf8 40. Nb3 Ke7 41. Nc1 Bc4 42. Qa4 Qd7 43. Qb4+ Qd6 44. Qb2 Qc6 45. Qb4+ Qd6 46. Qb2 Kd7 47. Na2 Kc7 48. Nb4 Kb7 49. Qa3 b5 50. h4 h5 51. g3 g6 52. Kg2 Qe7 53. Qa6+ Kc7 54. Qc6+ Kd8 55. Nxd5 Qd7 56. Qa8+ Qc8 57. Qa5+ Ke8 58. Nc3 Qb7 59. Qb4 Kd7 60. Na4 Qc6 61. Nc5+ Ke8 62. Qa5 Kf8 63. Qb4 Kg7 64. Qc3 Qa8 1/2-1/2

[Event "Grand Prix Finals ABCD"]
[Site "Winnipeg CAN"]
[Date "2007.11.20"]
[Round "3"]
[White "Gibson, Fred"]
[Black "Magnusson, Saul"]
[Result "0-1"]
[WhiteElo "1352"]
[BlackElo "1420"]
[PlyCount "78"]
[GameId "2160767910566171"]
[EventDate "2007.11.06"]
[EventType "swiss"]
[EventRounds "6"]
[EventCountry "CAN"]
[SourceTitle "EXT 2022"]
[Source "ChessBase"]
[SourceDate "2021.10.06"]
[SourceVersion "1"]
[SourceVersionDate "2021.10.06"]
[SourceQuality "1"]

1. e4 d5 2. exd5 Qxd5 3. Nc3 Qd6 4. Nb5 Qc6 5. Qf3 Qxc2 6. Bd3 Qc5 7. Ne2 Nf6 8. h3 Nc6 9. Nxc7+ Kd8 10. Nxa8 e5 11. O-O Bd6 12. Nc3 Re8 13. Be4 Nd4 14. Qd3 Nh5 15. Kh1 f5 16. Bd5 Be6 17. Bxe6 Rxe6 18. b4 Qc6 19. b5 Qxg2+ 20. Kxg2 Nf4+ 21. Kg3 Rg6+ 22. Kh2 Nxd3 23. f3 e4+ 24. Kh1 Nxf3 25. Ne2 Kc8 26. Bb2 Kb8 27. Bd4 Kxa8 28. a4 Rh6 29. Kg2 Rg6+ 30. Kh1 b6 31. Be3 f4 32. Bf2 Nxd2 33. Rad1 Nxf1 34. Rxf1 f3 35. Be3 Rg2 36. Nc3 Rh2+ 37. Kg1 Rxh3 38. Nxe4 Bh2+ 39. Kh1 Bf4+ 0-1